000 00692nam a2200193 u 4500
001 000576501
003 AM-YeHGA
005 20250618073407.0
008 080410s1863 tu r 000 0 arm d
040 _aAM-YeHGA
041 1 _aarm
_hfre
100 1 _aՀյուգո, Վիկտոր,
_d1802-1885
_95858
245 1 0 _aԴատապարտեալի մը վերջին օրը /
_cՎիկտոր Հյուգո; Թարգմ. գնղղիերենէ՝ Տ. Մաղաքեան.
260 _aԿ. Պօլիս :
_bտպ. Ա. Համազգային,
_c1863.
300 _a128 էջ.
650 1 4 _aՖրանսիական գրականություն
_94810
700 1 _aՄաղաքեան, Տ
_eթարգմ
_4trl
090 _c232463
999 _c230909
_d230909